The world in 2020 : (Record no. 587112)
[ view plain ]
| 000 -LEADER | |
|---|---|
| fixed length control field | 01041cam a2200277 a 4500 |
| 001 - CONTROL NUMBER | |
| control field | 1125025 |
| 005 - DATE AND TIME OF LATEST TRANSACTION | |
| control field | 20211206175630.0 |
| 008 - FIXED-LENGTH DATA ELEMENTS--GENERAL INFORMATION | |
| fixed length control field | 940830s1995 maua b 001 0 eng |
| 010 ## - LIBRARY OF CONGRESS CONTROL NUMBER | |
| LC control number | 94024545 |
| 020 ## - INTERNATIONAL STANDARD BOOK NUMBER | |
| International Standard Book Number | 0875846041 (alk. paper) |
| 040 ## - CATALOGING SOURCE | |
| Original cataloging agency | DLC |
| Transcribing agency | DLC |
| Modifying agency | DLC |
| 050 00 - LIBRARY OF CONGRESS CALL NUMBER | |
| Classification number | HD30.27 |
| Item number | .M385 1995 |
| 082 00 - DEWEY DECIMAL CLASSIFICATION NUMBER | |
| Classification number | 338.5448 |
| Edition number | 20 |
| Author Mark | MCR |
| 100 1# - MAIN ENTRY--PERSONAL NAME | |
| Personal name | McRae, Hamish. |
| 9 (RLIN) | 85784 |
| 245 14 - TITLE STATEMENT | |
| Title | The world in 2020 : |
| Remainder of title | power, culture, and prosperity / |
| Statement of responsibility, etc. | Hamish McRae. |
| 246 3# - VARYING FORM OF TITLE | |
| Title proper/short title | World in two thousand and twenty |
| 260 ## - PUBLICATION, DISTRIBUTION, ETC. | |
| Place of publication, distribution, etc. | Boston, Mass. : |
| Name of publisher, distributor, etc. | Harvard Business School Press, |
| Date of publication, distribution, etc. | 1995. |
| 300 ## - PHYSICAL DESCRIPTION | |
| Extent | xiii, 302 p. : |
| Other physical details | ill. ; |
| Dimensions | 25 cm. |
| 504 ## - BIBLIOGRAPHY, ETC. NOTE | |
| Bibliography, etc. note | Includes bibliographical references (p. 279-291) and index. |
| 650 #0 - SUBJECT ADDED ENTRY--TOPICAL TERM | |
| Topical term or geographic name entry element | Business forecasting. |
| 9 (RLIN) | 85785 |
| 650 #0 - SUBJECT ADDED ENTRY--TOPICAL TERM | |
| Topical term or geographic name entry element | Twenty-first century |
| General subdivision | Forecasts. |
| 9 (RLIN) | 85786 |
| 650 #0 - SUBJECT ADDED ENTRY--TOPICAL TERM | |
| Topical term or geographic name entry element | Economic history |
| Chronological subdivision | 1990- |
| 9 (RLIN) | 85787 |
| 906 ## - LOCAL DATA ELEMENT F, LDF (RLIN) | |
| a | 7 |
| b | cbc |
| c | orignew |
| d | 1 |
| e | ocip |
| f | 19 |
| g | y-gencatlg |
| 942 ## - ADDED ENTRY ELEMENTS (KOHA) | |
| Source of classification or shelving scheme | |
| Koha item type | Book |
| Withdrawn status | Lost status | Source of classification or shelving scheme | Damaged status | Not for loan | Permanent Location | Current Location | Date acquired | Total Checkouts | Full call number | Barcode | Date last seen | Price effective from | Koha item type |
|---|---|---|---|---|---|---|---|---|---|---|---|---|---|
| School of Civil and Environmental Engineering (SCEE) | School of Civil and Environmental Engineering (SCEE) | 12/06/2021 | 338.5448 MCR | NIT-13384 | 12/06/2021 | 12/06/2021 | Book |
